| 000 | 01078nam a22003017a 4500 | ||
|---|---|---|---|
| 005 | 20180803165632.0 | ||
| 008 | 091013s2009 ck abd r 001 0 spa d | ||
| 020 | _a9789587142730 | ||
| 040 |
_aCO-BoPUJ _cCO-BoIAVH |
||
| 041 | 0 | _aspa | |
| 044 | _ack | ||
| 082 | 0 | 4 |
_a574.5 _bR82e |
| 245 | 0 | 0 |
_aEcosistemas y culturas: _cprólogo María Clara Van der Hammen; editores Javier Rosique y Sandra Turbay Ceballos. |
| 250 | _a1a ed. | ||
| 260 |
_aMedellín: _bCentro de Investigaciones Sociales y Humanas; _c2009. |
||
| 300 |
_a240 p. _bilustraciones, cuadros y mapas _c24 cm. |
||
| 504 | _aIncluye referencias bibliográficas. | ||
| 650 | 1 | 4 |
_aEcología _992250 |
| 650 | 2 | 4 |
_aMedio ambiente y sociedad _933366 |
| 650 | 1 | 4 |
_aMedio ambiente y cultura _933367 |
| 650 | 2 | 4 |
_aDiversidad biológica _933374 |
| 650 | 2 | 4 |
_aAntropología cultural _933369 |
| 650 | 2 | 4 |
_aInvestigación social _933370 |
| 700 | 1 |
_aHammen, María Clara van der _ePrólogo _915276 |
|
| 700 | 1 |
_aRosique, Javier _eeditor _933371 |
|
| 700 | 1 |
_aTurbay Ceballos, Sandra _eeditora _933372 |
|
| 942 |
_2ddc _cLIBRO _03 |
||
| 999 |
_c9087 _d9087 |
||